=LDR 00000nam 2200000 4500 =001 INLIS000000000029139 =005 20200414113806 =035 ##$$a 0010-061300000029139 =008 200414################g##########0#ind## =041 ##$$a Ind =082 ##$$a 2x3. 131 =090 ##$$a 2x3.131, Mau p =100 ##$$a Maulana, Firmansyach =245 1#$$a Pelita kaum muslim : $b Pedoman dan tuntutan bagi kaum muslim untuk melihat kadar keimanan dalam diri /$c Drs. Firmansyach Maulana H =260 ##$$a Surabaya :$b Putra Pelajar,$c 2003 =300 ##$$a viii, 188 hlm ; $c 20 x 14 cm =650 #4$$a Muslim =850 ##$$a NBPNMAT =084 ##$$a 2x3. 131 MAU p =990 ##$$a 20800063 =990 ##$$a 20800062 =990 ##$$a 20800064 =990 ##$$a 20800062 =990 ##$$a 20800063 =990 ##$$a 20800064